00924nam a2200253Ia 4500003000900000008004100009020001800050040001600068080002100084100002400105245013900129260004900268300000900317650004100326650003900367650002800406700002600434700003200460700002800492700002800520942000700548999001700555952009800572IN-BaIIA211028s9999 xx 000 0 eng d a3-923524-41-2 cIIA Library a083.8:524.5bACK aAcker, Agnes917980 0aStrasbourg-ESO catalogue of galactic planetary nebulaebpt. IcAgnes Acker…[et al.]  aGermanybEuropean Southern Observatoryc1992 a295p aAstronomy and Astrophysics Thesaurus aPlanetary Nebuale-Catalogue917981 aPLanetary Nebulae95510 aMarcout, James917982 aOchsenbein, Francois917983 aSchohn, Constant917984 aTylenda, Romuald917985 cBK c10561d10561 00104070aBANbKAVcGENd1993-02-02l0o083.8:524.5/ ACKp11472r2021-11-05w1993-02-02yBK